00721nam a2200229Ia 450000500170000000800410001702000110005804000190006904100120008808200160010024500740011626000400019030000310023050400190026165000160028065100220029670000260031885000100034494200070035499900160036195201140037720220718153210.0131103s9999 xx 000 0 und d cRs. 10 aLoreto College aEnglish a307.76bMAY aReading in urban geographycEdited by Harold M.Mayer and Clyde F.Kohn aAllahabadbCentral Book Depotc1967 avii,624 p.b ill., figures aIncludes index aCommunities aUrban communities 4ed.aMayer, Harold M. aLCLIB cBK c1443d51922 00102ddc4070aMAINbMAINd2013-11-04l1o307.76 MAY 16063pB2078r2019-08-09s2019-08-09w2013-11-04yBKf